| 000 | 00879pam a2200277 a 4500 | ||
|---|---|---|---|
| 001 | 4786553 | ||
| 003 | ARRUPE | ||
| 005 | 20151006151627.0 | ||
| 008 | 870629s1988 enk b 001 0 eng | ||
| 010 | _a 87019722 | ||
| 020 | _a0521346231 | ||
| 040 |
_aDLC _cDLC _dDLC |
||
| 050 | 0 | 0 |
_aHM101 _b.A654 1988 |
| 082 | 0 | 0 |
_a306 _219 |
| 100 | 1 |
_aArcher, Margaret Scotford. _98064 |
|
| 245 | 1 | 0 |
_aCulture and agency : _bthe place of culture in social theory / _cMargaret S. Archer. |
| 260 |
_aCambridge [Cambridgeshire] ; _aNew York : _bCambridge University Press, _c1988. |
||
| 300 |
_axxvi, 343 p. ; _c24 cm. |
||
| 500 | _aIncludes index. | ||
| 504 | _aBibliography: p. 308-338. | ||
| 650 | 0 |
_aCulture. _920080 |
|
| 650 | 0 |
_aSocial structure. _92429 |
|
| 650 | 0 |
_aSocial interaction. _916723 |
|
| 906 |
_a7 _bcbc _corignew _d1 _eocip _f19 _gy-gencatlg |
||
| 942 |
_2lcc _cMONOGRAPH |
||
| 999 |
_c123460 _d123460 |
||